La “multimidad” : (Record no. 184621)

MARC details
000 -CABECERA
campo de control de longitud fija 01618nab a2200277 a 4500
005 - FECHA Y HORA DE LA ÚLTIMA TRANSACCIÓN
campo de control 20210219162901.0
008 - ELEMENTOS DE LONGITUD FIJA--INFORMACIÓN GENERAL
campo de control de longitud fija 991125s1985 mx 000 0 spa u
035 ## - NÚMERO DE CONTROL DEL SISTEMA
Número de control de sistema UPN01000212521
049 ## - COLECCIÓN
Colección ART
100 1# - ASIENTO PRINCIPAL--NOMBRE PERSONAL
Nombre de persona Linne, Joaquín
100 1# - ASIENTO PRINCIPAL--NOMBRE PERSONAL
Filiación joaquinlinne@gmail.com
222 #0 - TÍTULO CLAVE
Título clave ESTUDIOS SOCIOLOGICOS
245 00 - MENCIÓN DE TÍTULO
Título La “multimidad” :
Resto del título performances íntimas en Facebook de adolescentes de Buenos Aires
260 ## - PUBLICACIÓN, DISTRIBUCIÓN, ETC.
Lugar de publicación, distribución, etc. México
300 ## - DESCRIPCIÓN FÍSICA
Extensión 65-84
362 0# - FECHAS DE PUBLICACIÓN Y/O DESIGNACIÓN SECUENCIAL
Fecha de publicación y/o designación secuencial 2016 Volumen 34, número 100, enero-abril
520 3# - NOTA DE RESUMEN, ETC.
Sumario, etc. Este artículo aborda las performances de intimidad que despliegan los adolescentes de la Ciudad de Buenos Aires mediante la red social Facebook. La metodología utilizada consiste en una etnografía mixta. Por un lado, la realización de observaciones copresenciales y de 30 entrevistas en profundidad a adolescentes del universo de estudio. Por otro, análisis de imágenes a partir de fotos personales, dada la centralidad que tiene este recurso para la población mencionada. Entre los resultados se describen las performances que publican y comentan de modo cotidiano los adolescentes indagados. El principal aporte es la proposición del concepto “multimidad” para dar cuenta de los modos en que ellos construyen y comparten su intimidad mediante la plataforma
653 0# - TERMINO DE INDIZACION - NO CONTROLADO
Término no controlado FACEBOOK
653 0# - TERMINO DE INDIZACION - NO CONTROLADO
Término no controlado JOVENES
653 0# - TERMINO DE INDIZACION - NO CONTROLADO
Término no controlado MULTIMIDAD
653 0# - TERMINO DE INDIZACION - NO CONTROLADO
Término no controlado BUENOS AIRES, ARGENTINA
653 0# - TERMINO DE INDIZACION - NO CONTROLADO
Término no controlado INTIMIDAD
856 4# - LOCALIZACIÓN Y ACCESO ELECTRÓNICOS
Identificador Uniforme del Recurso <a href="http://www.redalyc.org/articulo.oa?id=59844201003">http://www.redalyc.org/articulo.oa?id=59844201003</a>
856 4# - LOCALIZACIÓN Y ACCESO ELECTRÓNICOS
Identificador Uniforme del Recurso <a href="http://estudiossociologicos.colmex.mx/index.php/es/article/view/1389/1388">http://estudiossociologicos.colmex.mx/index.php/es/article/view/1389/1388</a>
905 ## - TIPO DE MATERIAL
Tipo de material Articulo

No items available.